00855nam a2200253Ia 4500001001000000003000500010008004100015010001100056040000900067082002100076100001500097245011000112260009000222300001000312440001800322500010000340650002500440650001900465650003000484650003800514700001500552700001700567700001700584Para_2202CHAP220125s1942 xx 000 0 und d a199564 cCHAP aPA-C 634 N4 1933 aReid, W.J. aStudies on the control of cabbage caterpillars with derris in the south /c by W.J. Reid... [and others] aWashington, D.C. :b Agricultural Experiment Station of Louisiana and South Carolina a26 p. aCircular; 615 aEncuadernado con: Orchard insects of the pacific northwest and their control / by E.J. Newcomer aCol x enfermedades  aCol x plagas  aDerris como insecticidas  aInsecticidas x efecto en plantas aBare, C.O. aRe..., L.B.  aSmith, C.E.